| 000 -CABECERA |
| Longitud fija campo de control |
00774nam a22002174a 4500 |
| 008 - CÓDIGOS DE INFORMACIÓN DE LONGITUD FIJA |
| Códigos de información de longitud fija |
080407s2006 spco o000 0 cat|| |
| 017 ## - NÚMERO DE COPYRIGHT O DE DEPÓSITO LEGAL |
| Número de copyright o de depósito legal |
1316-2006 |
| Agencia que asigna el número |
Oficina Dipòsit Legal Girona |
| 020 ## - NÚMERO INTERNACIONAL NORMALIZADO PARA LIBROS |
| Número Internacional Normalizado para Libros (ISBN) |
8493343463 |
| 040 ## - FUENTE DE LA CATALOGACIÓN |
| Centro catalogador de origen |
ES-BaSLP |
| Lengua de catalogación |
cat |
| Centro transcriptor |
ES-BaSLP |
| 043 ## - CÓDIGO DE ÁREA GEOGRÁFICA |
| Código de área geográfica |
e-sp--- |
| Código local GAC |
e-spg-- |
| Fuente del código local |
catmarc |
| 080 ## - NÚMERO DE LA CLASIFICACIÓN DECIMAL UNIVERSAL |
| Número de la Clasificación Decimal Universal |
070(467.13) |
| 100 1# - PUNTO DE ACCESO PRINCIPAL-NOMBRE DE PERSONA |
| Nombre de persona |
Cargol, Salvador, |
| Fechas asociadas al nombre |
1967- |
| 245 10 - MENCIÓN DE TÍTULO |
| Título |
Fabricants de notícies : |
| Resto del título |
periodisme i canvi tecnológic a Girona / |
| Mención de responsabilidad, etc. |
Salvador Cargol |
| 260 ## - PUBLICACIÓN, DISTRIBUCIÓN, ETC. (PIE DE IMPRENTA) |
| Lugar de publicación, distribución, etc. |
Girona : |
| Nombre del editor, distribuidor, etc. |
Col·legi de Periodistes de Girona, |
| Fecha de publicación, distribución, etc. |
DL 2006. |
| 300 ## - DESCRIPCIÓN FÍSICA |
| Extensión |
147 p. : |
| Otras características físicas |
il. ; |
| Dimensiones |
24 cm. |
| 490 1# - MENCIÓN DE SERIE |
| Mención de serie |
Papers de comunicació ; |
| Designación de volumen o secuencia |
5 |
| 650 #4 - PUNTO DE ACCESO ADICIONAL DE MATERIA - TÉRMINO DE MATERIA |
| Término de materia o nombre geográfico como elemento inicial |
Periodisme |
| Subdivisión geográfica |
Girona (Província) |
| Subdivisión de materia general |
Història |
| 710 1# - PUNTO DE ACCESO ADICIONAL - NOMBRE DE ENTIDAD |
| Nombre de entidad o nombre de jurisdicción como elemento inicial |
Girona (Província). |
| Unidad subordinada |
Diputació |
| 830 #0 - PUNTO DE ACCESO ADICIONAL DE SERIE - TÍTULO UNIFORME |
| Título uniforme |
Papers de comunicació ; |
| Designación de volumen o secuencia |
5 |
| 909 ## - |
| -- |
ggagbt |